There was an old lady who swallowed a fly / (Record no. 1954)
[ view plain ]
| 000 -LEADER | |
|---|---|
| fixed length control field | 01204 am a22003493u 4500 |
| 001 - CONTROL NUMBER | |
| control field | 1954 |
| 003 - CONTROL NUMBER IDENTIFIER | |
| control field | FISKH |
| 005 - DATE AND TIME OF LATEST TRANSACTION | |
| control field | 20251218151054.0 |
| 008 - FIXED-LENGTH DATA ELEMENTS--GENERAL INFORMATION | |
| fixed length control field | 740301s1973 enka j| 000 p|eng |
| 015 ## - NATIONAL BIBLIOGRAPHY NUMBER | |
| National bibliography number | GB7405270 |
| Source | bnb |
| 020 ## - INTERNATIONAL STANDARD BOOK NUMBER | |
| International Standard Book Number | 0859530183 |
| 020 ## - INTERNATIONAL STANDARD BOOK NUMBER | |
| International Standard Book Number | 9780859530187 |
| 020 ## - INTERNATIONAL STANDARD BOOK NUMBER | |
| Canceled/invalid ISBN | 9780859530187 |
| 020 ## - INTERNATIONAL STANDARD BOOK NUMBER | |
| International Standard Book Number | 9780859531344 |
| 040 ## - CATALOGING SOURCE | |
| Original cataloging agency | Uk |
| Transcribing agency | Uk |
| 050 00 - LIBRARY OF CONGRESS CALL NUMBER | |
| Classification number | M1629 |
| 082 04 - DEWEY DECIMAL CLASSIFICATION NUMBER | |
| Classification number | 784.4/97 |
| Edition number | 18 |
| 100 1# - MAIN ENTRY--PERSONAL NAME | |
| Personal name | Adams, Pam. |
| 245 10 - TITLE STATEMENT | |
| Title | There was an old lady who swallowed a fly / |
| Statement of responsibility, etc. | illustrated by Pam Adams. |
| 260 ## - PUBLICATION, DISTRIBUTION, ETC. | |
| Place of publication, distribution, etc. | Swindon : |
| Name of publisher, distributor, etc. | Child's Play, |
| Date of publication, distribution, etc. | 1973. |
| 300 ## - PHYSICAL DESCRIPTION | |
| Extent | 16 unnumbered pages : |
| Other physical details | color illustrations ; |
| Dimensions | 29 cm |
| 336 ## - CONTENT TYPE | |
| Content type term | text |
| Source | rdacontent |
| 337 ## - MEDIA TYPE | |
| Media type term | unmediated |
| Source | rdamedia |
| 338 ## - CARRIER TYPE | |
| Carrier type term | volume |
| Source | rdacarrier |
| 505 ## - FORMATTED CONTENTS NOTE | |
| Formatted contents note | G<br/> |
| 520 ## - SUMMARY, ETC. | |
| Summary, etc. | An illustrated version of the cumulative folk song in which the solution proves worse than the predicament when an old lady swallows a fly. Some pages are die-cut, permitting a portion of the next illustration to be seen. |
| 521 8# - TARGET AUDIENCE NOTE | |
| Target audience note | 390<br/> |
| Source | Lexile AD<br/> |
| 521 8# - TARGET AUDIENCE NOTE | |
| Target audience note | G<br/> |
| Source | Raz-Plus<br/> |
| 650 #0 - SUBJECT ADDED ENTRY--TOPICAL TERM | |
| Topical term or geographic name entry element | Folk-songs, American |
| General subdivision | Texts. |
| 653 ## - INDEX TERM--UNCONTROLLED | |
| Uncontrolled term | Folk songs in English |
| -- | North American folk songs |
| -- | Words |
| -- | Texts |
| 942 ## - ADDED ENTRY ELEMENTS (KOHA) | |
| Source of classification or shelving scheme | Dewey Decimal Classification |
| Koha item type | Books |
| Suppress in OPAC | No |
| Withdrawn status | Lost status | Source of classification or shelving scheme | Damaged status | Not for loan | Collection | Home library | Current library | Shelving location | Date acquired | Total Checkouts | Full call number | Barcode | Date last seen | Date last checked out | Copy number | Price effective from | Koha item type |
|---|---|---|---|---|---|---|---|---|---|---|---|---|---|---|---|---|---|
| Dewey Decimal Classification | Fiction | Footprints International School Library Network Toul Kork Campus | Footprints International School Library Network Toul Kork Campus | TK Primary Library Room(4th Floor), Bookcase 1&2, Shelves 1-16, Dark Blue Books | 10/20/2023 | 8 | ADA 782.4 PZ8.T55 | FISBT000130 | 06/06/2025 | 04/08/2025 | 1 | 10/20/2023 | Books | ||||
| Dewey Decimal Classification | Juvenile Fiction | Footprints International School Library Network Toul Tom Poung Campus | Footprints International School Library Network Toul Tom Poung Campus | TTP Primary Dark Blue Bookshelves | 10/20/2023 | 3 | ADA 782.4 PZ8.T55 | FISTK01651 | 12/12/2025 | 12/04/2025 | 2 | 10/20/2023 | Books | ||||
| Dewey Decimal Classification | Juvenile Fiction | Footprints International School Library Network Toul Tom Poung Campus | Footprints International School Library Network Toul Tom Poung Campus | TTP Primary Dark Blue Bookshelves | 08/27/2025 | 2 | ADA 782.4 PZ8.T55 | FISTK01637 | 01/09/2026 | 12/12/2025 | 3 | 08/27/2025 | Books | ||||
| Dewey Decimal Classification | Juvenile Fiction | Footprints International School Library Network Toul Tom Poung Campus | Footprints International School Library Network Toul Tom Poung Campus | TTP Primary Dark Blue Bookshelves | 12/18/2025 | 1 | ADA 782.4 PZ8.T55 | FIS03329 | 03/26/2026 | 03/19/2026 | 4 | 12/18/2025 | Books |
